Abhạ̄th al-Muʼtamar al-Thālith lil-Dirāsāt al-ʻUthmānīyah fī Misṛ /

Egypt; history; architecture, Islamic; Ottoman era; congresses; papers from the Third Conference for Ottoman Studies in Egypt.

Saved in:

Corporate Author: Muʼtamar lil-Dirāsāt al-ʻUthmānīyah fī Miṣr Cairo, Egypt)

Other Authors: Crecelius, Daniel., Ismāʻīl, Muḥammad Ḥusām al-Dīn.

Format: Conference Proceeding Book

Language: Arabic
English
French

Published: Madīnat Nasṛ, al-Qāhirah : Dār al-Āfāq al-ʻArabīyah, 2004.

Edition: al-Tạbʻah 1.

Subjects:

Tags: Add Tag

No Tags, Be the first to tag this record!

Call Number: DT97 .A343 2003

LEADER 01832namaa2200373 4500
001 13975
003 OSt
005 20230612102900.0
008 130303s2004 ua a b 100 0 ara d
952 |0 0  |1 0  |2 lcc  |4 0  |6 DT0097 A343 02003  |7 1  |9 49012  |a ARCE  |b ARCE  |d 2023-06-12  |l 0  |o DT97 .A343 2003  |p 1001911  |r 2023-06-12 00:00:00  |w 2023-06-12  |y BK 
999 |c 13473  |d 13473 
010 |a 2005311761 
020 |a 9773440982 
040 |c ARCE Library 
041 0 |a ara  |a eng  |a fre 
043 |a f-ua--- 
050 4 |a DT97 .A343 2003 
111 2 |6 111-01  |a Muʼtamar lil-Dirāsāt al-ʻUthmānīyah fī Miṣr  |n (3rd :  |d 2003 :  |c Cairo, Egypt), 
245 1 0 |a Abhạ̄th al-Muʼtamar al-Thālith lil-Dirāsāt al-ʻUthmānīyah fī Misṛ /   |c ashrafa ʻalá al-tahṛīr Dāniyāl Kribsiliyūs, Muhạmmad Hụsām al-Dīn Ismāʻīl. 
246 1 5 |a Papers from the Third Conference for Ottoman Studies in Egypt. 
250 |a al-Tạbʻah 1. 
264 1 |a Madīnat Nasṛ, al-Qāhirah :   |b Dār al-Āfāq al-ʻArabīyah,   |c 2004. 
300 |a 270, 73 pages :   |b illustrations ;   |c 24 cm. 
504 |a Includes bibliographical references. 
520 |a Egypt; history; architecture, Islamic; Ottoman era; congresses; papers from the Third Conference for Ottoman Studies in Egypt. 
546 |a In Arabic, and English; one article in French. 
650 0 |a Architecture, Islamic  |z Egypt  |v Congresses. 
651 0 |a Egypt  |x Economic conditions  |y 1517-1882  |v Congresses. 
651 0 |a Egypt  |x History  |y 1517-1882  |v Congresses. 
700 1 |a Crecelius, Daniel.  |9 28412 
700 1 |a Ismāʻīl, Muḥammad Ḥusām al-Dīn. 
880 2 |6 111-01/(3/r  |a أبحاث المؤتمر الثالث للدراسات العثمانية في مصر ‪‪‪‪‪‪‪‪‪‪‪‪‪‪‪‪‪‪‪‪‪‪‪‪‪‪‪ 
901 |a reviewed 
942 |2 lcc  |c BK